Un continente en movimiento: migraciones en América Latina

Guardat en:
Dades bibliogràfiques
Autor principal: Wehr, Ingrid (Autor)
Format: Llibre
Idioma:espanyol
Publicat: Madrid Iberoamericana 2006
Matèries:
Etiquetes: Afegir etiqueta
Sense etiquetes, Sigues el primer a etiquetar aquest registre!

MARC

LEADER 00000nam a2200000 a 4500
001 UCI4138
003 CL-VaPUC
008 071221e20060000SP |||||||||||||||||spa|d
020 |a 8484892328 
082 0 4 |a 304.8  |b WEH  |2 21 
100 0 |a Wehr, Ingrid  |e author  |9 525837 
245 1 0 |a Un continente en movimiento: migraciones en América Latina 
300 |a 450 p 
942 |c BK 
945 |d 20071221 00:00:00  |a jtorresc 
260 |a Madrid  |b Iberoamericana  |c 2006 
650 0 |a Emigración e inmigración  |9 257711 
650 7 |a MIGRACION HUMANA  |2 CL-VaPUC  |9 525838 
651 0 |a América Latina   |9 255027 
583 |a last modification  |c 20071221 00:00:00  |k Rodrigo Vera 
999 |c 328124  |d 328122 
952 |0 0  |1 0  |4 0  |6 304_800000000000000_WEH_2006  |7 0  |8 A  |9 411901  |a BIBHIS  |b BIBHIS  |d 2019-11-22  |i 4397827  |o 304.8 WEH 2006  |p 4397827  |r 2025-01-20  |w 2019-11-22  |y BK  |k HIS